00870nam a22002177a 4500999001500000003000900015008004100024040007100065082001900136110005300155245010100208260003700309300003000346505008000376650002300456650002000479650003000499942001600529945000800545952009900553 c4301d4301AR-CdUCM190308b ||||| |||| 00| 0 spa d aMUNICIPALIDAD PROVINCIAL DEL CUSCOcBIBLIOTECA MUNICIPAL DEL CUSCO a709.033 /bV42 aIII Encuentro Internacional sobre Barroco913599 aManierismo y Transición al Barroco : bMemoria del III encuentro Internacional sobre Barroco / aBolivia :bUnion Latina ,c2007. a384 páginas ;c28.5 cm. aContenido : El arte barroco en general (pintura, musica, escultura, etc)... aArte Barroco92947 aArte XIX913548 aCongreso Artistico913549 2ddccLIBROS artm 002ddc4070aSAbSAcCARTd2019-03-08g80.00o709.033 / S 3pSA0000000124r2019-03-08yLIBROS